000 00559cam a22001697a 4500
008 180718b2010 xxu||||| |||| 00| 0 eng d
020 _a9788125039181
082 _aA99 G151/Sh23
245 _aM. K. Gandhi's hind swaraj
_cedited by Suresh Sharma and Tridip Suhrud
260 _aHyderabad
_bOrient Blackswam
_c2010
300 _av.p.
650 _aIndia --Politics and government --1919-1947
650 _aNationalism --India
650 _aGandhi, Mohandas Karamchand - Criticism and interpretation
700 _aSuhrud, Tridip
700 _aSharma, Suresh
999 _c436606
_d436606